Gente famosa no baile na biblioteca (Record no. 119319)

MARC details
000 -LÍDER
campo de controle de tamanho fixo 01325 a2200229 4500
001 - NÚMERO DE CONTROLE
campo de controle 119319
020 ## - ISBN - INTERNATIONAL STANDARD BOOK NUMBER
ISBN - International Standard Book Number 9786559270163
020 ## - ISBN - INTERNATIONAL STANDARD BOOK NUMBER
Informação qualificadora broch.
041 ## - CÓDIGO DE IDIOMA
Código do idioma do texto/trilha sonora ou título diferente por
082 ## - CDD - CLASSIFICAÇÃO DECIMAL DE DEWEY
Número de Classificação 869.3
040 ## - FONTE DA CATALOGAÇÃO
Instituição da catalogação original BR-BrIDEA
Instituição que transcreveu o registro BR-BrIDEA
090 ## - NÚMERO DE CHAMADA LOCAL
Número de chamada (OCLC) (R); Número de chamada, CALL (RLIN) (NR) Year 6 869
Número Cutter local (OCLC); Número de classificação do livro, CALL (RLIN) LEO
100 ## - ENTRADA PRINCIPAL--NOME PESSOAL
Nome pessoal Leonel, Elisa
245 10 - TÍTULO
Título Gente famosa no baile na biblioteca
Indicação de responsabilidade, etc. Elisa Leonel
260 ## - PUBLICAÇÃO, DISTRIBUIÇÃO, ETC.
Local de publicação, distribuição, etc. São Paulo
Nome do editor, distribuidor, etc. Giostri
Data da publicação, distribuição, etc. 2021
300 ## - DESCRIÇÃO FÍSICA
Extensão 131 p.
Outros detalhes físicos col. ill.
500 ## - NOTA GERAL
Nota geral Inclui índice
520 ## - NOTA DE RESUMO, ETC
Resumo, etc. Depois que uma tempestade muito forte derrubou parte do telhado de uma biblioteca, um professor, marido de uma das bibliotecárias, pediu a um grupo de alunos para ajudar a salvar os livros que ficaram molhados.<br/>O livro Gente famosa no baile na biblioteca conta como foi que um punhado de gente ajudou a salvar livros: um garoto viciado em videogame, um skatista, uma garota romântica, pessoas apaixonadas por livros, outras nem tanto, um padre, vizinhos, até uma avó ajudou levando bolos para todos.<br/>Quem conta a história é um dos garotos, e ele a escreve aproveitando o confinamento, esse tempo em que todo mundo foi obrigado a ficar fechado em casa por causa da Covid. Além de contar o que aconteceu na biblioteca, ele conta como conheceu Olívia, a sua namorada.
697 ## - ENTRADA DE ASSUNTO LOCAL--ENTIDADE COLETIVA (RLIN)
Nome corporativo ou nome da jurisdição Biblioteca - Ficção
856 ## - LOCALIZAÇÃO ELETRÔNICA E ACESSO
Uniform Resource Identifier <a href="000034/000034fd.jpg">000034/000034fd.jpg</a>
942 ## - ELEMENTOS DE ENTRADA ADICIONADOS (KOHA)
Tipo de material Koha Livros
Holdings
Situação do descarte Situação das perdas Fonte da classificação ou esquema de arquivamento na estante Situação física Não pode ser emprestado Biblioteca de origem Biblioteca atual Data de aquisição Total de empréstimos Número de chamada completo Código de barras Devolução em Data de último acesso Data do último empréstimo Data do preço efetivo Tipo de material Koha
    Classificação Decimal de Dewey     ECB - SUDOESTE ECB - SUDOESTE 09/05/2023 1 Year 6 869 LEO 00062056SSW 26/07/2024 27/05/2024 27/05/2024 23/01/2024 Livros